It's your biz : (Record no. 609886)

000 -LEADER
fixed length control field 01621cam a22002774a 4500
020 ## - INTERNATIONAL STANDARD BOOK NUMBER
International Standard Book Number 9780814416716 (hbk.)
020 ## - INTERNATIONAL STANDARD BOOK NUMBER
International Standard Book Number 0814416713 (hbk.)
082 00 - DEWEY DECIMAL CLASSIFICATION NUMBER
Classification number 658.11
Author Mark SOL
100 1# - MAIN ENTRY--PERSONAL NAME
Personal name Solovic, Susan Wilson.
245 10 - TITLE STATEMENT
Title It's your biz :
Remainder of title the complete guide to becoming your own boss /
Statement of responsibility, etc. Susan Wilson Solovic, with Ellen R. Kadin ; foreword by Edie Weiner.
260 ## - PUBLICATION, DISTRIBUTION, ETC.
Place of publication, distribution, etc. New York :
Name of publisher, distributor, etc. American Management Association,
Date of publication, distribution, etc. c2012.
300 ## - PHYSICAL DESCRIPTION
Extent xii, 227 p. ;
Dimensions 24 cm.
504 ## - BIBLIOGRAPHY, ETC. NOTE
Bibliography, etc. note Includes bibliographical references and index.
563 ## - BINDING INFORMATION
Binding note HB
650 #0 - SUBJECT ADDED ENTRY--TOPICAL TERM
Topical term or geographic name entry element New business enterprises.
650 #0 - SUBJECT ADDED ENTRY--TOPICAL TERM
Topical term or geographic name entry element Business planning.
650 #0 - SUBJECT ADDED ENTRY--TOPICAL TERM
Topical term or geographic name entry element Small business
700 1# - ADDED ENTRY--PERSONAL NAME
Personal name Kadin, Ellen R.
942 ## - ADDED ENTRY ELEMENTS (KOHA)
Source of classification or shelving scheme
Koha item type Book
650 #0 - SUBJECT ADDED ENTRY--TOPICAL TERM
-- 12645
700 1# - ADDED ENTRY--PERSONAL NAME
-- 123818
Holdings
Withdrawn status Lost status Source of classification or shelving scheme Materials specified (bound volume or other part) Damaged status Not for loan Permanent Location Current Location Date acquired Source of acquisition Total Checkouts Full call number Barcode Date last seen Price effective from Koha item type
      Donated by Mr. Faizan Mansoor BEE-13 C SEECS 2021     Central Library (CL) Central Library (CL) 06/26/2024 Donation   658.11 SOL CL-D-2629 11/12/2024 06/26/2024 Book
© 2023 Central Library, National University of Sciences and Technology. All Rights Reserved.